书目信息 |
| 题名: |
发酵食品安全生产与品质控制
|
|
| 作者: | 李平兰 , 王成涛 主编 | |
| 分册: | ||
| 出版信息: | 北京 化学工业出版社 2005 |
|
| 页数: | 426页 | |
| 开本: | 24cm | |
| 丛书名: | 食品放心工程丛书 | |
| 单 册: | ||
| 中图分类: | TS205.5 | |
| 科图分类: | ||
| 主题词: | 发酵食品--质量控制 , 发酵食品--安全生产 , 食品工业--发酵 | |
| 电子资源: | ||
| ISBN: | 7-5025-6605-8 | |
| 000 | 01133oam2 2200313 45 | |
| 001 | 060000032876 | |
| 005 | 20051209085848.09 | |
| 010 | @a7-5025-6605-8@dCNY49.00 | |
| 092 | @aCN | |
| 100 | @a20050615d2005 ekmy0chiy0120 ea | |
| 101 | 0 | @achi |
| 102 | @aCN@b110000 | |
| 105 | @ay az 000yy | |
| 200 | 1 | @a发酵食品安全生产与品质控制@9fa jiao shi pin an quan sheng chan yu pin zhi kong zhi@f李平兰,王成涛主编@Fli ping lan,wang cheng tao zhu bian |
| 210 | @a北京@c化学工业出版社@d2005 | |
| 215 | @a426页@d24cm | |
| 225 | 2 | @a食品放心工程丛书 |
| 320 | @a有书目:第422-426页 | |
| 330 | @a本书包括绪论,发酵食品生产中的不安全因素及其控制,饮料酒的安全生产与品质控制,调味品的安全与品质控制,发酵豆制品安全生产与品质控制,发酵肉制品安全生产与质量控制,发酵乳制品安全生产与品质控制等等内容。 | |
| 410 | 0 | @12001 @a食品放心工程丛书 |
| 606 | 0 | @a发酵食品@x质量控制 |
| 606 | 0 | @a发酵食品@x安全生产 |
| 606 | 0 | @a食品工业@x发酵 |
| 690 | @aTS205.5@v4 | |
| 701 | 0 | @a李平兰@Ali ping lan@4主编 |
| 701 | 0 | @a王成涛@Awang cheng tao@4主编 |
| 801 | 0 | @aCN@bCXYBOOK@c20051209 |
| 905 | @a10447@dTS205.5@e37 | |
| 999 | @aWJ@eDF | |
| 发酵食品安全生产与品质控制/李平兰,王成涛主编.-北京:化学工业出版社,2005 |
| 426页;24cm.-(食品放心工程丛书) |
| ISBN 7-5025-6605-8:CNY49.00 |
| 本书包括绪论,发酵食品生产中的不安全因素及其控制,饮料酒的安全生产与品质控制,调味品的安全与品质控制,发酵豆制品安全生产与品质控制,发酵肉制品安全生产与质量控制,发酵乳制品安全生产与品质控制等等内容。 |
| ● |
| 相关链接 |
|
|
|
|
正题名:发酵食品安全生产与品质控制
索取号:TS205.5/37
 
预约/预借
| 序号 | 登录号 | 条形码 | 馆藏地/架位号 | 状态 | 备注 |
| 1 | 0370647 | 203706472 | 第二样本阅览室/ [索取号:TS205.5/37] | 在馆 | |
| 2 | 0370648 | 203706481 | 第三借阅区/ [索取号:TS205.5/37] | 在馆 | |
| 3 | 0370649 | 203706490 | 第三借阅区/ [索取号:TS205.5/37] | 在馆 |